| 000 | 00490nam a22001697a 4500 | ||
|---|---|---|---|
| 003 | OSt | ||
| 005 | 20221012051534.0 | ||
| 008 | 170620b xxu||||| |||| 00| 0 eng d | ||
| 020 | _a9780176597696 | ||
| 040 |
_aMMU _beng _cMMU _dMMU |
||
| 050 | _aGN62.8 .M644 2015 | ||
| 245 |
_aAnthropology 2EO3 human variation & evolutionary change/ _cTina Moffat |
||
| 260 |
_aOntario: _bNelson Education, _c2015. |
||
| 300 | _axxiii,433p.; | ||
| 650 | _ahuman voyage anthroplogy | ||
| 942 |
_2lcc _cLOAN LOAN |
||
| 999 |
_c29617 _d29616 |
||